Culture Générale - Série 1520 - Statistiques

Statistiques générales
  • Ce quiz a été pris 122 fois
  • Le résultat moyen est 7 sur 10
Statistiques - réponses
Question Réponse % Correct
De quel pays européen "Fratelli d'Italia" est-il l'hymne national ? Italie
96%
Quelle Région du centre-est de la France est mondialement célèbre pour ses vins, notamment issus de la côte de Beaune, et pour ses escargots ? Bourgogne
94%
Quel canal, fixé au bord d'un toit pour recueillir l'eau de pluie, qualifie un chat sans pedigree ? gouttière
89%
Quel mot anglais désigne la pratique consistant à percer une partie du corps, pour y fixer un bijou ? piercing
84%
Quel tube, du groupe The Police, a pour titre le prénom de l'héroïne de la pièce : "Cyrano de Bergerac" ? Roxane
81%
Dans quel pays d'Amérique latine se trouve la ville de Valparaiso, sur la baie du même nom ? Chili
80%
En octobre 1981, quel ministre de la Justice fit voter l'abolition de la peine de mort en France ? Robert Badinter
73%
Quel grand couturier à l'accent allemand a prêté sa voix à Fabu, le méchant du dessin animé "Totally Spies, le film" ? Karl Lagerfeld
71%
Dans quelle ville, les héroïnes de la série télévisée "Desperate Housewives" habitent-elles ? Fairview
12%
En 1928, quel auteur espagnol publie le recueil poétique intitulé “Romancero gitano” ? Federico García Lorca
6%
Aucun quiz correspondant
Distribution des résultats
% des personnes avec chaque résultat
Percentile par nombre de réponses
Votre historique - résultats
Vous n’avez pas pris ce quiz